MARC

LEADER 00000nam0a2200000 4500
001 17250
005 20260225131557.0
035 |a (RuTPU)RU\TPU\book\17382 
035 |a BOOK00017451 
090 |a 17250 
100 |a 20011209d1989 km y0rusy50 ca 
101 0 |a rus 
102 |a RU 
105 |a y z 000zb 
200 1 |a Бюрократия и сталинизм  |f В. П. Макаренко 
210 |a Ростов-на-Дону  |c Изд-во Ростовского ун-та  |d 1989 
215 |a 362 с. 
600 1 |a Сталин  |g Иосиф Виссарионович  |b И. В.  |f 1878 - 1953  |c российский политический и государственный деятель  |c Генеральный секретарь ЦК КПСС  |c настоящая фамилия Джугашвилли  |c псевдоним Коба  |2 stltpui  |3 (RuTPU)RU\TPU\pers\1058 
606 |a Государственная власть и управление в России  |x История  |z 20 в. - ...  |9 82093 
610 1 |a Россия 
610 1 |a 20 век 
610 1 |a бюрократизм 
610 1 |a культ личности 
610 1 |a бюрократия 
686 |a Т3(2)6-3  |2 rubbk 
700 1 |a Макаренко  |b В. П.  |g Виктор Павлович 
801 0 |a RU  |b 63413507  |c 20011209  |g PSBO 
801 2 |a RU  |b 63413507  |c 20191216  |g PSBO 
942 |c BK